| 000 | 00960nam a2200229Ii 4500 | ||
|---|---|---|---|
| 003 | JO-AjNU | ||
| 008 | 230605s9999||||xx |||||||||||||| ||und|| | ||
| 017 | _a2021/1/592 | ||
| 020 | _a978-9923-39-033-7 | ||
| 040 |
_aJO-AjNU _bara _erda _cJO-AjNU |
||
| 041 | _aara | ||
| 050 | 1 | 4 | _aHT153.D35 2022 |
| 100 | 3 |
_aالدليمي، صبحي احمد، م.مشارك شيماء غازي عبود خلف الكربولي, _eauthor _962971 |
|
| 245 | 0 | 0 | _aجغرافية المدن: اسس، مفاهيم، تطبيقات |
| 250 | _aالطبعة الاولى | ||
| 264 | 3 | 1 | _aعمان: دار كفاءة المعرفة للنشر والتوزيع، 2022 |
| 300 |
_a204ص _bيحتوي على مراجع من ص203-204ص |
||
| 336 |
_atext _btxt _2rdacontent |
||
| 337 |
_aunmediated _bn _2rdamedia |
||
| 338 |
_avolume _bnc _2rdacarrier |
||
| 650 | 4 |
_aتطور المدن-التخطيط الحضري-التنمية الحضرية-البيئة الحضرية _962972 |
|
| 999 |
_aA28540 _c32108 _d32108 |
||